Letra Completa - Jesus Chorou - Racionais Mc's - Statistics

Estatísticas Gerais
  • Esse quiz foi jogado 63 vezes
  • A pontuação média é 704 de 1075
Estatísticas das Respostas
Resposta % Correto
Jesus
100%
a
98%
A
98%
à
98%
chorou!
98%
Chorou
98%
chorou
98%
é,
98%
é?
98%
e
98%
E
98%
é
98%
98%
É,
98%
(E
98%
e/ou
98%
O
98%
o
98%
ó)
98%
ó
98%
ó,
98%
(Ó)
98%
do
95%
Do
95%
Pô,
95%
que
95%
Que,
95%
(Que
95%
quê?)
95%
(Que?
95%
de
93%
De
93%
Na
90%
na
90%
No
90%
no
90%
por
90%
Por
90%
Se
90%
se
90%
te
90%
um
90%
Um
90%
um,
90%
BO
88%
Clara
88%
em
88%
salgada
88%
uma
88%
Uma
88%
88%
85%
85%
da
85%
dor
85%
fala
85%
Faz
85%
lá,
85%
85%
má,
85%
85%
me
85%
Me
85%
mundo
85%
Mundo
85%
não,
85%
não
85%
Não
85%
né,
85%
pra
85%
Pra
85%
85%
85%
tá?
85%
Tem
85%
tem
85%
85%
vai
85%
Vai
85%
vai,
85%
ver
85%
acabar
83%
bom,
83%
bom
83%
ele
83%
Ele
83%
fazer
83%
olho
83%
ou
83%
83%
pá,
83%
Porra,
83%
seu
83%
(Só)
83%
83%
83%
vagabundo
83%
Cabe
80%
cabe
80%
Diz
80%
diz
80%
eu
80%
eu,
80%
Eu
80%
eu?
80%
sem
80%
ser
80%
Vou
80%
vou
80%
ama
78%
chora
78%
Chora
78%
cor
78%
desse
78%
discreta
78%
ela
78%
esperança
78%
homem
78%
homem,
78%
Irmã
78%
quando
78%
Quando
78%
ri
78%
tonelada
78%
vem
78%
Vem
78%
vem,
78%
Verme,
78%
verme
78%
vir
78%
você
78%
você,
78%
75%
(Aí,
75%
aí)
75%
dia
75%
Ei,
75%
Eita
75%
Esse
75%
falar,
75%
falar
75%
flor
75%
flor,
75%
for,
75%
Inquilina
75%
irmão,
75%
irmão
75%
lágrima
75%
mas
75%
Mas
75%
más
75%
minha
75%
Morada
75%
nas
75%
pesa
75%
Pode
75%
predileta
75%
quer,
75%
quer
75%
querer,
75%
querer
75%
senti
75%
calada
73%
cama
73%
com
73%
Com
73%
como
73%
coração
73%
Deixa
73%
falou
73%
fez
73%
forte
73%
louco
73%
mal,
73%
mar
73%
noite
73%
sai
73%
tudo
73%
Tudo
73%
vento
73%
cai
70%
desespero
70%
espinho
70%
fraco
70%
outras
70%
Refém
70%
reta
70%
Rival
70%
sabor
70%
Serei
70%
sofrer
70%
vermes
70%
vingança
70%
Amante
68%
barato
68%
Cadê
68%
cair
68%
caminhar
68%
causada
68%
chapando
68%
corre
68%
corrompeu
68%
delas
68%
drama
68%
durão
68%
durão,
68%
eternidade
68%
frio
68%
implacável
68%
lento
68%
momento
68%
outro
68%
processo
68%
rosto
68%
sou
68%
sou,
68%
suave,
68%
adianta
65%
águas
65%
ao
65%
(ão)
65%
após
65%
as
65%
Cruel
65%
fortaleza
65%
65%
(Meio
65%
mil
65%
Nada
65%
nada,
65%
pia
65%
Põe
65%
profeta
65%
Quem
65%
quem
65%
vulnerável?
65%
Amo
63%
calma,
63%
contra
63%
espírito
63%
fita
63%
Fita
63%
fita,
63%
hora
63%
ladrão
63%
muita
63%
os
63%
Os
63%
pera
63%
poeta
63%
quente)
63%
redor
63%
sagradas
63%
tremeu
63%
triste
63%
amor
60%
borrou
60%
Capão?
60%
Durmo
60%
durmo
60%
grupo
60%
imortal
60%
letra
60%
Melhor,
60%
meu
60%
Meu
60%
meu,
60%
nos
60%
nós,
60%
nós
60%
pardo
60%
pergunta
60%
quase
60%
são?)
60%
sonho
60%
anterior
58%
até
58%
cara
58%
doidão,
58%
horas
58%
isso
58%
julguei
58%
lado
58%
Lave
58%
mágoa
58%
2
55%
abalou
55%
acontecendo
55%
direito
55%
inteira
55%
jeito!
55%
jeito)
55%
mais
55%
olheira
55%
perguntar
55%
rancor
55%
senhor,
55%
sensação
55%
tonto
55%
vinte
55%
Acordo
53%
Brown
53%
correu
53%
dorme
53%
mãe
53%
mãe,
53%
mina
53%
mundanas
53%
Nego,
53%
num
53%
Num
53%
pela
53%
seguinte
53%
truta
53%
truta?
53%
truta,
53%
assim
50%
depois,
50%
depois
50%
grau
50%
Jão,
50%
mano
50%
mata,
50%
mata
50%
mente,
50%
mim
50%
nem
50%
ninguém
50%
preto
50%
sabe
50%
sim,
50%
uns
50%
cheio
48%
dinheiro
48%
Dinheiro
48%
dois
48%
era
48%
ilusão
48%
lágrimas
48%
Lágrimas
48%
pau
48%
pensa
48%
tava
48%
Tava
48%
atenção
45%
carái
45%
carai
45%
carai,
45%
dos
45%
Epa,
45%
essa
45%
fazia
45%
fui
45%
gente
45%
Gente
45%
mesmo
45%
Olha
45%
passado
45%
quadrada
45%
raça,
45%
rap
45%
recente
45%
saber
45%
vendo
45%
vendo:
45%
abalado,
43%
abriu
43%
acorda,
43%
acredita
43%
(Alô!)
43%
boca
43%
céu
43%
coco
43%
conhecer
43%
ficou
43%
Fumaça
43%
fumaça
43%
futuro
43%
Paulo,
43%
quebrada
43%
repente
43%
Saturno
43%
senhora
43%
tenso,
43%
ter
43%
Vamo
43%
Vão
43%
ali
40%
Ana
40%
Cada
40%
chapou
40%
das
40%
dona
40%
luto
40%
Parei
40%
Periferia
40%
Periferia:
40%
puta
40%
quero
40%
ruim
40%
seja
40%
(Tipo
40%
agora
38%
dar
38%
eles
38%
faça
38%
fumar
38%
infeliz
38%
nele
38%
nome
38%
outros
38%
pago
38%
peão
38%
próprio
38%
sul
38%
X,
38%
zona
38%
azul,
35%
bico
35%
chamar
35%
chegou
35%
dessa
35%
firmezão
35%
Guina
35%
homens
35%
Humanidade
35%
Ih,
35%
ih,
35%
Ontem
35%
ouvindo
35%
pediu
35%
penso
35%
presta
35%
primeira
35%
trafica
35%
veio?
35%
Vermelho
35%
30
33%
Atire
33%
boy,
33%
decomposição
33%
dele,
33%
Inimigo
33%
inimigo
33%
inveja
33%
liga
33%
moedas
33%
moscar
33%
patrício
33%
pedra
33%
Porque
33%
prata,
33%
rastro
33%
sei,
33%
Sozinho
33%
sozinho
33%
vim
33%
vulgo
33%
Chuva
30%
cobrar
30%
comprar
30%
destacar
30%
ganhar
30%
gosto
30%
hotel,
30%
merda
30%
Montado
30%
novão
30%
óh
30%
Onde
30%
palhaço
30%
prédios
30%
pressa
30%
registrei
30%
sofri,
30%
tanto
30%
veneno
30%
vida
30%
(Aham)
28%
alugo
28%
Apenas
28%
apenas
28%
atacou
28%
cês
28%
Cristo
28%
elas
28%
entende
28%
faço
28%
filmado,
28%
fora
28%
Ghandi,
28%
(hã)
28%
hã,
28%
incolor
28%
Judas
28%
Lembranças
28%
Marley
28%
muié
28%
nossa
28%
numa
28%
ouviu,
28%
paz
28%
Transforma
28%
2Pac,
25%
aumenta
25%
Bob
25%
cantar
25%
catar,
25%
CB,
25%
Então,
25%
escuro
25%
evangélico
25%
íntimo
25%
joga
25%
Joga
25%
Lennon,
25%
Malcom
25%
muleque
25%
quiser
25%
ritmo
25%
semente
25%
show
25%
sorriso?
25%
tiro
25%
triz
25%
admiro
23%
ajude,
23%
aos
23%
bons
23%
Cinza
23%
house
23%
justiça
23%
levou
23%
Martin
23%
matar
23%
morrem
23%
pensamentos
23%
pérolas
23%
porcos
23%
roubou?
23%
verde,
23%
12
20%
acredito,
20%
cem
20%
demorou
20%
invisível,
20%
King
20%
lavagem,
20%
Luther
20%
Marvin
20%
morreu
20%
nasci,
20%
Perseguido
20%
pisca
20%
Tempra
20%
tira
20%
usar
20%
andou
18%
Brigava
18%
Corpos
18%
(Filho
18%
manda
18%
Máquina
18%
milhões
18%
ouvir
18%
pastor
18%
pelas
18%
piolhagem!
18%
prefere
18%
Qual,
18%
vilão
18%
cadeira
15%
chupar
15%
curta
15%
elétrica
15%
esqueirando
15%
ética
15%
(Famoso
15%
fraquejou
15%
Gaye
15%
Lembrei
15%
nenhum
15%
pensar
15%
piolho
15%
seus
15%
terror
15%
voa
15%
andar
13%
Cão,
13%
esses
13%
frustração
13%
inveje
13%
modelo
13%
prefiro
13%
rumo
13%
vazios
13%
vencedor
13%
boi
10%
enlouquecer
10%
Lotam
10%
madrugadas
10%
matou
10%
medalha
10%
molham
10%
pagode
10%
Sabotage,
10%
siga
10%
10%
caminhos)
8%
dando
8%
Povinho
8%
qualquer
8%
Rasgar
8%
violento)
8%
cresce
5%
defeitos
5%
pente
5%
ponto
5%
quarenta,
5%
zóio
5%
repentemente
3%
tendo
3%
arrebentar,
0%
Cruzar
0%
Nenhum quiz correspondente encontrado
Distribuição das Pontuações
Porcentagem de Pessoas com Cada Pontuação
Percentil de Números Respondidos
Sua Pontuação Histórica
Você não jogou esse quiz